000 00279nam a22001337a 4500
008 170920b xxu||||| |||| 00| 0 eng d
020 _a0871921987
041 _aeng
080 _a7
100 _a45
101 _aART
245 _aDESIGN SYNECTICS
_cROUKES,N
942 _2udc
_cBK
999 _c28524
_d28524